<?xml version="1.0" encoding="UTF-8"?>
<collection xmlns="http://www.loc.gov/MARC21/slim">
 <record>
  <leader>01701nam a2200193Ia 4500</leader>
  <controlfield tag="001">TDMU_29081</controlfield>
  <controlfield tag="008">210410s9999    xx            000 0 und d</controlfield>
  <datafield tag="082" ind1=" " ind2=" ">
   <subfield code="a">660.2842</subfield>
  </datafield>
  <datafield tag="090" ind1=" " ind2=" ">
   <subfield code="b">Đ309</subfield>
  </datafield>
  <datafield tag="245" ind1=" " ind2="0">
   <subfield code="a">Điều kiện hợp đồng cho dự án EPC/ Chìa khóa trao tay</subfield>
  </datafield>
  <datafield tag="260" ind1=" " ind2=" ">
   <subfield code="a">H.</subfield>
  </datafield>
  <datafield tag="260" ind1=" " ind2=" ">
   <subfield code="b">Xây dựng; Hiệp hội Tư vấn Xây dựng Việt Nam</subfield>
  </datafield>
  <datafield tag="260" ind1=" " ind2=" ">
   <subfield code="c">2016</subfield>
  </datafield>
  <datafield tag="300" ind1=" " ind2=" ">
   <subfield code="a">115tr.</subfield>
  </datafield>
  <datafield tag="520" ind1=" " ind2=" ">
   <subfield code="a">Trình bày cơ sở chìa khóa trao tay một dây chuyền hay một nhà máy điện, một nhà máy hay công trình tương tư hoặc một dự án hạ tầng hoặc loại dự án khác mà ở đó: đòi hỏi nắm rỏ ở mức độ cao hơn về giá cuối cùng và thời gian, và Nhà thầu chịu toàn bộ trách nhiệm đối với thiết kế và thi công công trình, với sự tham gia không đáng kể của Chủ đầu tư. Theo sắp xếp thông thường đối với các dự án chìa khóa trao tay, Nhà thầu thực hiện mọi công việc Thiết kế, Mua sắm và Xây dựng (EPC): cung cấp cơ sở trang bị đầy đủ, sẵn sàng để vận hành (tại lúc &quot;trao chìa khóa&quot;)</subfield>
  </datafield>
  <datafield tag="650" ind1=" " ind2=" ">
   <subfield code="a">Pháp luật</subfield>
   <subfield code="x">Hợp đồng xây dựng; Văn bản pháp luật</subfield>
   <subfield code="x">Hợp đồng xây dựng</subfield>
  </datafield>
  <datafield tag="700" ind1=" " ind2=" ">
   <subfield code="a">Hiệp hội Quốc tế các Kỹ sư tư vấn (FIDIC)</subfield>
  </datafield>
  <datafield tag="856" ind1=" " ind2=" ">
   <subfield code="u">http://lrc.tdmu.edu.vn/opac/search/detail.asp?aID=2&amp;ID=29081</subfield>
  </datafield>
  <datafield tag="980" ind1=" " ind2=" ">
   <subfield code="a">Trung tâm Học liệu Trường Đại học Thủ Dầu Một</subfield>
  </datafield>
 </record>
</collection>
